00976nam a2200181 a 450000100080000000500110000800800410001910000230006024500260008326000430010930000150015249000080016752005520017565300180072765300140074565300170075965300180077621798822025-10-18 1924 bl uuuu u00u1 u #d1 aSILVEIRA, A. A. da aNarrativas e memorias aBelo Horizonte: Imprensa Oficialc1924 a339 p. v.1 vv.1 aA obra "Narrativas e memórias" é uma coletânea de relatos e lembranças pessoais de Augusto Álvaro da Silveira, um dos mais importantes botânicos e intelectuais de Minas Gerais no início do século XX. O livro oferece uma visão autobiográfica sobre a vida e as experiências do autor, abrangendo suas observações sobre a sociedade, a cultura e a história de sua época. É um documento histórico valioso que, através de histórias pessoais, retrata o ambiente intelectual e a vida em Minas Gerais e no Brasil no início do século XX. aAutobiografia aMemórias aMinas Gerais aNão-ficção